Microcardiopatías (Registro nro. 57966)

Detalles MARC
000 -LEADER
campo de control de longitud fija 00730nam a2200181 i 4500
001 - NÚMERO DE CONTROL
campo de control 57966
003 - IDENTIFICADOR DE NÚMERO DE CONTROL
campo de control ES-MaACL
007 - CAMPO FIJO DE DESCRIPCIÓN FÍSICA--INFORMACIÓN GENERAL
campo de control de longitud fija t|
008 - DATOS DE LONGITUD FIJA--INFORMACIÓN GENERAL
campo de control de longitud fija 031020s1953 sp ||||1| spa d
100 1# - ENTRADA PRINCIPAL--NOMBRE DE PERSONA
Nombre de persona Duclós, Francisco.
9 (RLIN) 45842
245 10 - MENCIÓN DEL TÍTULO
Título Microcardiopatías
Resto del título : los síndromes electrocardiográficos más frecuentes : su valorización clínica /
Mención de responsabilidad, etc. por Francisco Duclos.
260 ## - PUBLICACIÓN, DISTRIBUCIÓN, ETC.
Lugar de publicación, distribución, etc. Sevilla :
Nombre del editor, distribuidor, etc. [s.n.,
Fecha de publicación, distribución, etc. 1953]
300 ## - DESCRIPCIÓN FÍSICA
Extensión XV, 379 p. ;
Dimensiones 24 cm.
500 ## - NOTA GENERAL
Nota general Precede al tít.: IV Congreso Nacional de Cardiología y I Reunión Luso-Española, Primera Ponencia.
711 2# - ENTRADA AGREGADA--NOMBRE DE REUNIÓN
Nombre de congreso/reunión o jurisdicción como elemento de entrada Congreso Nacional de Cardiología.
Nombre de congreso/reunión que sigue a un nombre de jurisdicción como elemento de entrada Reunión Luso Española (
Número del congreso/reunión o número de parte o sección 4º.
Fecha del congreso o de la firma del tratado 1953.
Sede del congreso/Lugar de la reunión Madrid)
9 (RLIN) 203657
852 ## - LOCALIZACIÓN
Ubicación ES-MaACL
Número de control de estantería C-9056
Sublocalización o colección R.37198
Existencias
Estatus retirado Estado de pérdida Estado de daño No para préstamo Biblioteca de origen Biblioteca actual Ubicación en estantería Fecha de adquisición Fuente de adquisición Total de préstamos Signatura topográfica completa Código de barras Visto por última vez Precio de reemplazo Tipo de ítem Koha
        Biblioteca del Ateneo de Madrid Biblioteca del Ateneo de Madrid Sala Palomar 17/01/2008     C-9056 1060838 23/02/2023 23/02/2023 Libro impreso